000 01014nam a2200241 a 4500
001 000015238
005 20200929164006.0
008 100203s2008 dr 001 0 spa d
020 _a9789945458022
040 _aDO-SdBNP
_bspa
_cBNPHU
082 _a323.67
_bR457r
100 1 _aReyes Sánchez, Miguel
_d1966-
_92285
245 1 0 _aRégimen de visados para República Dominicana /
_cMiguel Reyes Sánchez ; prólogo Alberto E. Despradel Cabral.
260 _aSanto Domingo :
_bSendero del Mundo,
_c2008.
300 _axxiv, 396 p. ;
_c27 cm.
500 _aIncluye referencias bibliográficas y notas al pie de las páginas
500 _aIncluye datos biográficos del autor en la solapa
504 _aIncluye bibliográfia (p. 393 -396 )
650 4 _aPasaportes
_zRepública Dominicana
_934486
650 4 _aDerecho internacional publico
_zRepública Dominicana
_934487
651 4 _aRepública Dominicana
_xRelaciones Internacionales
_92624
700 1 _aDespradel Cabral, Alberto E.
_epról.
_934488
999 _a1
_n0000268
_c14807
_d14807